पँखो वाली राजकुमारीः बाल कहानी संग्रह/ (Record no. 214384)

MARC details
000 -LEADER
fixed length control field 00989nam a22002057a 4500
005 - DATE AND TIME OF LATEST TRANSACTION
control field 20260121124400.0
010 ## - LCCN (DPL NO)
LC control number B-777901
020 ## - INTERNATIONAL STANDARD BOOK NUMBER
International Standard Book Number 9789394493179
Terms of availability 200.00
035 ## - SYSTEM CONTROL NUMBER
System control number B-777901
037 ## - SOURCE OF ACQUISITION
Source of stock number/acquisition उपहार
082 ## - DEWEY DECIMAL CLASSIFICATION NUMBER
Edition number
100 ## - MAIN ENTRY--PERSONAL NAME
Personal name वर्मा, अल्पना
245 ## - TITLE STATEMENT
Title पँखो वाली राजकुमारीः बाल कहानी संग्रह/
Remainder of title अल्पना वर्मा
260 ## - PUBLICATION, DISTRIBUTION, ETC. (IMPRINT)
Place of publication, distribution, etc मध्य प्रदेश
Name of publisher, distributor, etc भव्या पब्लिकेशन
Date of publication, distribution, etc 2022
270 ## - ADDRESS
Address एल.जी. 42, लोअर ग्राउंड, करतार आर्केड रायसेन रोड भोपाल
City मध्यप्रदेश-462023
300 ## - PHYSICAL DESCRIPTION
Extent 79 पृ.
Dimensions 21सेमी (सजिल्द )
Other physical details सचित्र
700 ## - ADDED ENTRY--PERSONAL NAME
9 (RLIN) 83297
942 ## - ADDED ENTRY ELEMENTS (KOHA)
Source of classification or shelving scheme Dewey Decimal Classification
Item type Children Books
Classification part
Call number suffix वर्माअ
Holdings
Withdrawn status Lost status Not for loan Collection code Home library Current library Date acquired Source of acquisition Cost, normal purchase price Full call number Barcode Copy number Cost, replacement price Koha item type Public note
      Fiction Mobile Library Mobile Library 21/01/2026 उपहार/ 07.01.2026 200.00 क वर्माअ B-777901 1 200.00 Children Books उपहार

© Delhi Public Library
Hit Counter
free hit counter